• 首页
  • 本馆介绍
  • 公告通知
  • 最新文献
  • 馆藏检索
  • 电子资源
  • 读者导购
  • 参考咨询
  • 我的图书馆
  • 登录
  • 详细信息显示
  • 放入我的书架
  • 预约/预借图书
  • 作者相关作品
  • 分类相关作品
  • 丛书相关作品
  • 出版社相关作品

书目信息

  • 表格格式
  • 工作单格式
  • 卡片格式
题名:
旅游规划原理与实务
    
 
作者: 殷红梅 , 郭伟 主编
分册:  
出版信息: 北京   北京大学出版社  2012.9
页数: 285页
开本: 26cm
丛书名: 21世纪全国高等院校旅游管理类创新型应用人才培养规划教材
单 册:
中图分类: F590.1
科图分类:
主题词: 旅游规划--高等学校--教材
电子资源:
ISBN: 978-7-301-21221-9
000 01160nam 2200277 45
001 1355435686
005 20130513104816.74
010    @a978-7-301-21221-9@dCNY35.00
100    @a20130108d2012 em y0chiy0121 ea
101 0  @achi
102    @aCN@b110000
105    @aabk a 000yy
106    @ar
200 1  @a旅游规划原理与实务@ALu^ You Gui Hua Yuan Li Yu Shi Wu@f郭伟, 殷红梅主编@FGuo Wei , Yin Hong Mei Zhu Bian
210    @a北京@c北京大学出版社@d2012.9
215    @a285页@c图, 地图@d26cm
225 2  @a21世纪全国高等院校旅游管理类创新型应用人才培养规划教材
320    @a有书目 (第283-285页)
330    @a本书立足于培养应用型旅游管理人才的目标, 坚持理论与实务相结合, 以培养创新意识为灵魂, 以培养应用能力为根本。根据本科教学实际, 阐述了旅游规划的基础知识、基本理论与具体方法。教材脉络清晰、简洁实用、形象生动, 侧重理论指导下的规划实务, 提倡情景教学、案例教学。
461  0 @12001 @a21世纪全国高等院校旅游管理类创新型应用人才培养规划教材
606 0  @a旅游规划@x高等学校@j教材
690    @aF590.1@v5
701  0 @a殷红梅@AYin Hong Mei@4主编
701  0 @a郭伟@AGuo Wei@4主编
801    @aCN@bTANGWEI@c20130111
905    @b0831370-72@dF590.1@e330@f3
    
    旅游规划原理与实务/郭伟, 殷红梅主编.-北京:北京大学出版社,2012.9
    285页:图, 地图;26cm.-(21世纪全国高等院校旅游管理类创新型应用人才培养规划教材)
    
    
    ISBN 978-7-301-21221-9:CNY35.00
    本书立足于培养应用型旅游管理人才的目标, 坚持理论与实务相结合, 以培养创新意识为灵魂, 以培养应用能力为根本。根据本科教学实际, 阐述了旅游规划的基础知识、基本理论与具体方法。教材脉络清晰、简洁实用、形象生动, 侧重理论指导下的规划实务, 提倡情景教学、案例教学。
●
相关链接 在E读中查询图书 在五车中查询图书 在当当中查询图书 在豆瓣中查询图书


正题名:旅游规划原理与实务     索取号:F590.1/330         预约/预借

序号 登录号 条形码 馆藏地/架位号 状态 备注
1 0831370   208313706   第一样本阅览室/ [索取号:F590.1/330] 在馆    
2 0831371   208313715   密集书库-资源管理系/ [索取号:F590.1/330] 在馆    
3 0831372   208313724   第一借阅区/ [索取号:F590.1/330] 在馆    
唐山师范学院图书馆 欢迎您!
大连网信软件有限公司© 版权所有